000 00323nam a22001457a 4500
008 221121b ||||| |||| 00| 0 eng d
020 _a9780521565714
041 _aeng
080 _a159.9
082 _a159.9 TOR
100 _a25
101 _aPSI
245 _aTHE PHILOSOPHY OF PHYSICS
_cTORRETTI R
942 _2udc
_cBK
999 _c58970
_d58970